[Event "Pan American-ch U16"]
[Site "Guayaquil"]
[Date "2019.07.22"]
[Round "2"]
[White "Surya, Benito"]
[Black "Titichoca Daza, Daniel Henry"]
[Result "1-0"]
[WhiteElo "1885"]
[BlackElo "2172"]
[PlyCount "67"]
[EventDate "2019.07.21"]
[EventType "swiss"]
[EventRounds "9"]
[EventCountry "ECU"]
[SourceTitle "EXT 2020"]
[Source "ChessBase"]
[SourceDate "2019.10.17"]
[SourceVersion "1"]
[SourceVersionDate "2019.10.17"]
[SourceQuality "1"]

1. e4 c5 2. Nf3 d6 3. d4 cxd4 4. Nxd4 Nf6 5. Nc3 a6 6. Bc4 e6 7. Bb3 b5 8. 0-0 b4 9. Nb1 Nxe4 10. Nd2 Nc5 11. Qg4 g6 12. Nc4 Bg7 13. Bg5 Qc7 14. Rad1 0-0 15. Qh4 f6 16. Bh6 Nxb3 17. axb3 d5 18. Ne3 Qf7 19. f4 Nd7 20. g4 Nc5 21. f5 e5 22. fxg6 hxg6 23. Nc6 d4 24. Nd5 Re8 25. Nxf6+ Bxf6 26. Rxf6 Qh7 27. Qg5 Ne4 28. Rxg6+ Kh8 29. Bg7+ Qxg7 30. Qh5+ Kg8 31. Rxg7+ Kxg7 32. Qxe8 Nf6 33. Qe7+ Kg6 34. Nxe5+ 1-0

[Event "Mississauga Spring op"]
[Site "Mississauga"]
[Date "2019.03.24"]
[Round "5.7"]
[White "Surya, Benito"]
[Black "Bu, Kevin1111"]
[Result "1-0"]
[WhiteElo "2113"]
[BlackElo "1978"]
[PlyCount "125"]
[EventDate "2019.03.23"]
[EventType "swiss"]
[EventRounds "5"]
[EventCountry "CAN"]
[SourceTitle "EXT 2022"]
[Source "ChessBase"]
[SourceDate "2021.10.06"]
[SourceVersion "1"]
[SourceVersionDate "2021.10.06"]
[SourceQuality "1"]

1. e4 Nf6 2. e5 Nd5 3. Nc3 Nxc3 4. dxc3 d6 5. Nf3 Nc6 6. Bf4 dxe5 7. Qxd8+ Kxd8 8. 0-0-0+ Bd7 9. Bxe5 f6 10. Bg3 e5 11. Bb5 Bd6 12. Rhe1 a6 13. Ba4 Na5 14. Bxd7 Kxd7 15. Bxe5 fxe5 16. Nxe5+ Kc8 17. Nf7 Rf8 18. Nxd6+ cxd6 19. Re7 Rd8 20. Rxg7 Rd7 21. Rg8+ Rd8 22. Rxd8+ Kxd8 23. Rxd6+ Kc7 24. Rh6 Rh8 25. b3 Nc6 26. f4 Kd7 27. Kd2 Ke7 28. Ke3 Kf7 29. Kf3 Kg7 30. Rd6 Rf8 31. Rd7+ Rf7 32. Rxf7+ Kxf7 33. Ke4 Ke6 34. g4 Ne7 35. c4 Ng8 36. f5+ Kf6 37. h4 Ne7 38. g5+ Kf7 39. c3 Nc6 40. b4 Nb8 41. Kd5 Nc6 42. b5 axb5 43. cxb5 Ne7+ 44. Ke5 Nc8 45. c4 Nb6 46. c5 Nc4+ 47. Kd4 Na3 48. b6 Nc2+ 49. Ke5 Nb4 50. Kd6 Nc6 51. Kc7 Na5 52. a4 Kg7 53. h5 Kf7 54. h6 Kg8 55. g6 hxg6 56. fxg6 Kf8 57. c6 bxc6 58. b7 Nxb7 59. Kxb7 c5 60. a5 c4 61. a6 c3 62. a7 c2 63. a8Q+ 1-0

[Event "Aurora Spring op"]
[Site "Aurora"]
[Date "2018.03.24"]
[Round "3.5"]
[White "Ning, Eric"]
[Black "Surya, Benito"]
[Result "0-1"]
[WhiteElo "1832"]
[BlackElo "1853"]
[PlyCount "102"]
[EventDate "2018.03.24"]
[EventType "swiss"]
[EventRounds "5"]
[EventCountry "CAN"]
[SourceTitle "EXT 2022"]
[Source "ChessBase"]
[SourceDate "2021.10.06"]
[SourceVersion "1"]
[SourceVersionDate "2021.10.06"]
[SourceQuality "1"]

1. d4 d5 2. c4 e6 3. Nc3 c5 4. Nf3 Nc6 5. cxd5 exd5 6. Bf4 Nf6 7. e3 a6 8. Bd3 Be7 9. 0-0 0-0 10. h3 c4 11. Bc2 b5 12. Ne5 Bb7 13. a3 Qb6 14. g4 Rfd8 15. g5 Ne8 16. Bxh7+ Kf8 17. Qh5 Nxe5 18. Bxe5 Bd6 19. Bxd6+ Qxd6 20. Bc2 Ke7 21. Qf3 Nc7 22. Rfe1 Ne6 23. Qg2 Rh8 24. f4 f6 25. g6 Rh6 26. Ne2 Nc7 27. Ng3 Bc8 28. Bf5 Be6 29. Qf3 Kd7 30. Kf2 Rah8 31. Rh1 Na8 32. Bxe6+ Qxe6 33. f5 Qd6 34. Ne2 Rh5 35. Rag1 Nb6 36. Rb1 Kc8 37. Kg2 Rg5+ 38. Ng3 Rh4 39. Kf2 Kd8 40. Rbd1 Nc8 41. Rdf1 Ne7 42. Rhg1 Rxh3 43. Qf4 Qxf4+ 44. exf4 Rg4 45. Kf3 Rgh4 46. Rh1 Nxf5 47. Rxh3 Rxh3 48. Kg4 Nxg3 49. Rb1 Rh1 50. Rxh1 Nxh1 51. Kf3 a5 0-1

[Event "CAN-ch U20"]
[Site "Mississauga"]
[Date "2017.08.13"]
[Round "9"]
[White "Surya, Benito"]
[Black "Rusonik, Max"]
[Result "1/2-1/2"]
[WhiteElo "1830"]
[BlackElo "1711"]
[PlyCount "62"]
[EventDate "2017.08.09"]
[EventType "swiss"]
[EventRounds "9"]
[EventCountry "CAN"]
[SourceTitle "CBM 180 Extra"]
[Source "ChessBase"]
[SourceDate "2017.10.06"]
[SourceVersion "1"]
[SourceVersionDate "2017.10.06"]
[SourceQuality "1"]

1. e4 e5 2. Nf3 Nc6 3. Bb5 f5 4. d3 fxe4 5. dxe4 Nf6 6. 0-0 Bc5 7. Nc3 0-0 8. Bg5 d6 9. Nd5 Be6 10. Bc4 Qd7 11. Bxf6 gxf6 12. Qe2 Kh8 13. c3 Ne7 14. Nxe7 Qxe7 15. Nh4 Bxc4 16. Qxc4 Qf7 17. Qe2 Rad8 18. b4 Bb6 19. Rad1 Rd7 20. Rd3 Rfd8 21. Nf5 Qc4 22. Rfd1 d5 23. Qg4 d4 24. Qh4 Qe6 25. Qh6 Qf7 26. cxd4 Bxd4 27. Kh1 Qg6 28. Qc1 Qf7 29. Qh6 Qg6 30. Qc1 Qf7 31. Qh6 Qg6 1/2-1/2

[Event "CAN-ch U14"]
[Site "Sault Ste Marie"]
[Date "2017.07.09"]
[Round "6.34"]
[White "Washimkar, Arhant"]
[Black "Surya, Benito"]
[Result "0-1"]
[WhiteElo "1922"]
[BlackElo "1994"]
[PlyCount "106"]
[EventDate "2017.07.06"]
[EventType "swiss"]
[EventRounds "7"]
[EventCountry "CAN"]
[SourceTitle "EXT 2022"]
[Source "ChessBase"]
[SourceDate "2021.10.06"]
[SourceVersion "1"]
[SourceVersionDate "2021.10.06"]
[SourceQuality "1"]

1. e4 d5 2. exd5 Qxd5 3. Nc3 Qa5 4. d4 Nf6 5. Bc4 Nc6 6. Nge2 Bg4 7. f3 Be6 8. Bxe6 fxe6 9. f4 0-0-0 10. Qd3 g6 11. 0-0 Nb4 12. Qe3 Qb6 13. Na4 Qc6 14. Qb3 Nxc2 15. Rb1 Nxd4 16. Nxd4 Rxd4 17. Nc3 Qb6 18. Qxb6 axb6 19. Re1 Nd5 20. Rxe6 Nxf4 21. Bxf4 Rxf4 22. Nd5 Rd4 23. Nxe7+ Kd7 24. Rbe1 Rd2 25. b3 Rxa2 26. Nd5 Bc5+ 27. Kh1 Bd6 28. Nf6+ Kc6 29. Rc1+ Kb5 30. Ne4 Bb4 31. h4 c6 32. Re5+ c5 33. Re6 Rf8 34. Nd6+ Ka6 35. Nc4 Rff2 36. Nxb6 Rxg2 37. Nc4+ Ka7 38. Nd6 Rh2+ 39. Kg1 Rhg2+ 40. Kh1 b6 41. Re7+ Kb8 42. Ra1 Rh2+ 43. Kg1 Rxa1+ 44. Kxh2 Ra2+ 45. Kh3 Ra3 46. Re8+ Kc7 47. Ne4 Rxb3+ 48. Kg4 c4 49. Rh8 c3 50. Rxh7+ Kc6 51. Rh8 Kb7 52. Rh7+ Kc6 53. Rh8 Kd5 0-1

[Event "CAN-ch U14"]
[Site "Sault Ste Marie"]
[Date "2017.07.07"]
[Round "4.32"]
[White "Gaisinsky, Adam"]
[Black "Surya, Benito"]
[Result "1-0"]
[WhiteElo "2056"]
[BlackElo "1994"]
[PlyCount "80"]
[EventDate "2017.07.06"]
[EventType "swiss"]
[EventRounds "7"]
[EventCountry "CAN"]
[SourceTitle "EXT 2022"]
[Source "ChessBase"]
[SourceDate "2021.10.06"]
[SourceVersion "1"]
[SourceVersionDate "2021.10.06"]
[SourceQuality "1"]

1. e4 d5 2. exd5 Qxd5 3. Nc3 Qa5 4. d4 Nf6 5. Bc4 Nc6 6. Bf4 Be6 7. Bxe6 fxe6 8. Nf3 0-0-0 9. 0-0 g6 10. Ne5 Nxe5 11. Bxe5 Bg7 12. Qe2 Nh5 13. Bxg7 Nxg7 14. Rad1 Qb6 15. Qe5 Nf5 16. d5 exd5 17. Nxd5 Qd6 18. Qe4 c6 19. Nb6+ axb6 20. Rxd6 exd6 21. Re1 Rd7 22. g4 Ng7 23. Qd4 Kc7 24. Qf6 Re8 25. Rxe8 Nxe8 26. Qf8 Ng7 27. Qg8 Re7 28. Qxh7 Nf5 29. Qh8 Re1+ 30. Kg2 Ne7 31. Qc3 Re5 32. f4 Nd5 33. fxe5 Nxc3 34. exd6+ Kxd6 35. bxc3 Ke5 36. Kf3 b5 37. h4 Kf6 38. Kf4 c5 39. a3 g5+ 40. hxg5+ Kg6 1-0

[Event "Windsor NAYCC U14"]
[Site "Windsor"]
[Date "2016.08.11"]
[Round "8.61"]
[White "Cai, Jason"]
[Black "Surya, Benito"]
[Result "1-0"]
[WhiteElo "1997"]
[BlackElo "1814"]
[PlyCount "71"]
[EventDate "2016.08.07"]
[EventType "swiss"]
[EventRounds "9"]
[EventCountry "CAN"]
[SourceTitle "EXT 2022"]
[Source "ChessBase"]
[SourceDate "2021.10.06"]
[SourceVersion "1"]
[SourceVersionDate "2021.10.06"]
[SourceQuality "1"]

1. e4 d5 2. exd5 Qxd5 3. Nc3 Qa5 4. d4 Nf6 5. Bc4 Nc6 6. d5 Ne5 7. Bb3 Bf5 8. Qe2 Ne4 9. Qb5+ Qxb5 10. Nxb5 Kd7 11. Bf4 f6 12. Bxe5 fxe5 13. Nf3 Nd6 14. Nxe5+ Kc8 15. Nd4 g6 16. 0-0-0 Bg7 17. Rhe1 Ne4 18. f4 a5 19. g4 Bxe5 20. fxe5 Bxg4 21. Rxe4 Bxd1 22. Kxd1 Rf8 23. Ke2 a4 24. Bc4 Ra5 25. Ke3 Ra8 26. Ne6 Rf5 27. Be2 h5 28. Bd3 Ra5 29. c4 b6 30. Nd4 Rg5 31. Nc6 Ra8 32. Rf4 Kd7 33. Rf7 Re8 34. Bc2 a3 35. bxa3 Rg4 36. Ba4 1-0

[Event "CAN-ch U14"]
[Site "Windsor"]
[Date "2016.07.06"]
[Round "3.26"]
[White "Guan, Zi Yu"]
[Black "Surya, Benito"]
[Result "1/2-1/2"]
[WhiteElo "1460"]
[BlackElo "2001"]
[PlyCount "47"]
[EventDate "2016.07.05"]
[EventType "swiss"]
[EventRounds "7"]
[EventCountry "CAN"]
[SourceTitle "EXT 2022"]
[Source "ChessBase"]
[SourceDate "2021.10.06"]
[SourceVersion "1"]
[SourceVersionDate "2021.10.06"]
[SourceQuality "1"]

1. e4 d5 2. exd5 Qxd5 3. Nc3 Qa5 4. d4 Nf6 5. Nf3 Bg4 6. Be2 Nc6 7. Be3 0-0-0 8. 0-0 e5 9. Ng5 Be6 10. Nce4 Nxe4 11. Nxe4 exd4 12. Bg5 f6 13. Bh4 Be7 14. f4 Bd5 15. Bg4+ Kb8 16. Re1 Bxe4 17. Rxe4 Qc5 18. Bf3 d3+ 19. Bf2 Qxc2 20. Qxc2 dxc2 21. Rc4 Nb4 22. a3 Nd5 23. g3 Nb6 24. Rxc2 1/2-1/2

[Event "CAN-ch U12"]
[Site "Windsor"]
[Date "2015.07.06"]
[Round "1.57"]
[White "Surya, Benito"]
[Black "Atchuthananthan, Arun"]
[Result "1-0"]
[WhiteElo "1938"]
[BlackElo "1029"]
[PlyCount "91"]
[EventDate "2015.07.06"]
[EventType "swiss"]
[EventRounds "7"]
[EventCountry "CAN"]
[SourceTitle "EXT 2022"]
[Source "ChessBase"]
[SourceDate "2021.10.06"]
[SourceVersion "1"]
[SourceVersionDate "2021.10.06"]
[SourceQuality "1"]

1. e4 d5 2. exd5 Qxd5 3. Nc3 Qd6 4. Nf3 Nf6 5. g3 e6 6. Bg2 Be7 7. d4 0-0 8. 0-0 Rd8 9. Qe2 Nc6 10. Rd1 Nb4 11. a3 Nbd5 12. Nb5 Qd7 13. c4 Nb6 14. Ne5 Qe8 15. Nxc7 Qf8 16. Nxa8 Nxa8 17. Be3 Nb6 18. b4 Bd7 19. Bxb7 Rb8 20. Nxd7 Nfxd7 21. Bc6 Nf6 22. b5 Rc8 23. Bf4 a6 24. a4 Qd8 25. a5 axb5 26. axb6 Rxc6 27. b7 Rc8 28. bxc8R Qxc8 29. cxb5 Qb7 30. Rdc1 Nd5 31. b6 h6 32. Bc7 Bf6 33. Ra7 Qc8 34. b7 Qe8 35. Ra8 Nxc7 36. Rxe8+ Nxe8 37. b8Q Kf8 38. Rc8 Kg8 39. Rxe8+ Kh7 40. Rh8+ Kg6 41. Rxh6+ gxh6 42. Qg8+ Bg7 43. Qg4+ Kf6 44. Q4xg7+ Ke7 45. Q8xf7+ Kd6 46. Qd7# 1-0

[Event "North American-ch U20"]
[Site "Kitchener"]
[Date "2014.08.03"]
[Round "8.15"]
[White "Surya, Benito"]
[Black "Liao, Simone"]
[Result "0-1"]
[WhiteElo "1586"]
[BlackElo "2027"]
[PlyCount "82"]
[EventDate "2014.07.31"]
[EventType "swiss"]
[EventRounds "9"]
[EventCountry "CAN"]
[SourceTitle "EXT 2022"]
[Source "ChessBase"]
[SourceDate "2021.10.06"]
[SourceVersion "1"]
[SourceVersionDate "2021.10.06"]
[SourceQuality "1"]

1. d4 e6 2. Nf3 f5 3. e3 Nf6 4. Bd3 d5 5. Nbd2 Bd6 6. b3 c6 7. Bb2 0-0 8. 0-0 Bd7 9. Ne5 Be8 10. f4 Nbd7 11. h3 Ne4 12. Ndf3 Bh5 13. Qe1 a5 14. Nxd7 Qxd7 15. Ne5 Qe7 16. a3 Qd8 17. Kh2 Bxe5 18. dxe5 b5 19. Be2 Bxe2 20. Qxe2 Ra7 21. Rad1 Qh4 22. Qf3 Kh8 23. g3 Qd8 24. Qh5 g6 25. Qh6 Rg8 26. g4 Qf8 27. Qh4 Qc5 28. Rg1 Qxc2+ 29. Rg2 Qxd1 30. Qh6 Rag7 31. Bd4 c5 32. Bb2 Qxb3 33. a4 bxa4 34. h4 a3 35. h5 axb2 36. Rg1 b1Q 37. Rxb1 Qxb1 38. g5 Qc2+ 39. Kh3 Qf2 40. Qxh7+ Rxh7 41. h6 Qg3# 0-1